000 00512nam a22001817a 4500
005 20251108175856.0
008 250721s2020 xx 000 0 ara d
082 1 4 _a693.8/دية
100 1 _aأبو دية، أيوب
245 1 0 _aترشيد الطاقة في بيتك /
264 1 _aعمان :
_bالمؤلف،
_c2020.
300 _a160ص.
650 1 7 _aترشيد الطاقة
650 1 7 _aالبناء المعزول
650 1 7 _aتقنيات البناء
942 _2ddc
_cBK
999 _c144518
_d144518